Murder by the sea / (Record no. 62114)

MARC details
000 -LEADER
fixed length control field 00860nam a2200229 4500
005 - DATE AND TIME OF LATEST TRANSACTION
control field 20090922111128.0
010 ## - LCCN (DPL NO)
LC control number B-452366
020 ## - INTERNATIONAL STANDARD BOOK NUMBER
International Standard Book Number 9780143331117
Terms of availability 99.00
035 ## - SYSTEM CONTROL NUMBER
System control number B-452366
037 ## - SOURCE OF ACQUISITION
Source of stock number/acquisition Virtuous Pub/Ven
082 ## - DEWEY DECIMAL CLASSIFICATION NUMBER
Classification number S
100 ## - MAIN ENTRY--PERSONAL NAME
Personal name Ray's, Satyajit
245 ## - TITLE STATEMENT
Title Murder by the sea /
Statement of responsibility, etc by Satyajit Ray's,
260 ## - PUBLICATION, DISTRIBUTION, ETC. (IMPRINT)
Place of publication, distribution, etc New Delhi
Name of publisher, distributor, etc Puffin Books
Date of publication, distribution, etc 2009
270 ## - ADDRESS
Address 11,community center,Panchsheel park,
City New Delhi
Postal code 110017
300 ## - PHYSICAL DESCRIPTION
Extent 40 p.
Dimensions 25cm(pbk)
Other physical details illustred
700 ## - ADDED ENTRY--PERSONAL NAME
9 (RLIN) 41016
700 ## - ADDED ENTRY--PERSONAL NAME
Personal name Singh, Arpita
9 (RLIN) 41017
942 ## - ADDED ENTRY ELEMENTS (KOHA)
Source of classification or shelving scheme Dewey Decimal Classification
Item type Children Books
Call number suffix RAY
Classification part S
Holdings
Withdrawn status Lost status Not for loan Collection code Home library Current library Date acquired Source of acquisition Cost, normal purchase price Full call number Barcode Copy number Cost, replacement price Koha item type
      Fiction Central Library Central Library 15/02/2012 Virtuous Pub/686/14.10.2011/05/15.09.2011/29.11.2011 99.00 S RAY B-452366 1 99.00 Children Books

© Delhi Public Library
Hit Counter
free hit counter